LEADER 04627nam 22008295 450 001 996465521803316 005 20230221102013.0 010 $a3-540-74171-2 024 7 $a10.1007/978-3-540-74171-8 035 $a(CKB)1000000000490216 035 $a(EBL)3061606 035 $a(SSID)ssj0000315737 035 $a(PQKBManifestationID)11248910 035 $a(PQKBTitleCode)TC0000315737 035 $a(PQKBWorkID)10255552 035 $a(PQKB)11613437 035 $a(DE-He213)978-3-540-74171-8 035 $a(MiAaPQ)EBC3061606 035 $a(MiAaPQ)EBC6511688 035 $a(Au-PeEL)EBL6511688 035 $a(OCoLC)168221981 035 $a(PPN)152162356 035 $a(EXLCZ)991000000000490216 100 $a20100301d2007 u| 0 101 0 $aeng 135 $aur|n|---||||| 181 $ctxt 182 $cc 183 $acr 200 10$aAdvanced Intelligent Computing Theories and Applications - With Aspects of Theoretical and Methodological Issues$b[electronic resource] $eThird International Conference on Intelligent Computing, ICIC 2007 Qingdao, China, August 21-24, 2007 Proceedings /$fedited by De-Shuang Huang, Laurent Heutte, Marco Loog 205 $a1st ed. 2007. 210 1$aBerlin, Heidelberg :$cSpringer Berlin Heidelberg :$cImprint: Springer,$d2007. 215 $a1 online resource (1401 p.) 225 1 $aTheoretical Computer Science and General Issues,$x2512-2029 ;$v4681 300 $aIncludes index. 311 $a3-540-74170-4 320 $aIncludes bibliographical references and author index. 327 $aBiological and Quantum Computing -- Intelligent Financial Engineering -- Intelligent Agent and Web Applications -- Intelligent Sensor Networks -- Intelligent Control and Automation -- Intelligent Data Fusion and Security -- Natural Language Processing and Expert Systems -- Intelligent Image/Document Retrievals -- Intelligent Computing in Bioinformatics -- Intelligent Computing in Signal Processing -- Intelligent Computing in Pattern Recognition -- Intelligent Computing in Communication. 330 $aThe International Conference on Intelligent Computing (ICIC) was formed to provide an annual forum dedicated to the emerging and challenging topics in artificial intelligence, machine learning, bioinformatics, and computational biology, etc. It aims to bring - gether researchers and practitioners from both academia and industry to share ideas, problems and solutions related to the multifaceted aspects of intelligent computing. ICIC 2007, held in Qingdao, China, August 21?24, 2007, constituted the Third - ternational Conference on Intelligent Computing. It built upon the success of ICIC 2006 and ICIC 2005 held in Kunming and Hefei, China, 2006 and 2005, respectively. This year, the conference concentrated mainly on the theories and methodologies as well as the emerging applications of intelligent computing. Its aim was to unify the picture of contemporary intelligent computing techniques as an integral concept that highlights the trends in advanced computational intelligence and bridges theoretical research with applications. Therefore, the theme for this conference was ?Advanced Intelligent Computing Technology and Applications?. Papers focusing on this theme were solicited, addressing theories, methodologies, and applications in science and technology. 410 0$aTheoretical Computer Science and General Issues,$x2512-2029 ;$v4681 606 $aArtificial intelligence 606 $aComputer science 606 $aAlgorithms 606 $aComputer vision 606 $aPattern recognition systems 606 $aArtificial Intelligence 606 $aTheory of Computation 606 $aAlgorithms 606 $aComputer Vision 606 $aAutomated Pattern Recognition 615 0$aArtificial intelligence. 615 0$aComputer science. 615 0$aAlgorithms. 615 0$aComputer vision. 615 0$aPattern recognition systems. 615 14$aArtificial Intelligence. 615 24$aTheory of Computation. 615 24$aAlgorithms. 615 24$aComputer Vision. 615 24$aAutomated Pattern Recognition. 676 $a006.301 702 $aJo$b Kang-Hyun 702 $aLevine$b Daniel S. 702 $aHuang$b De-Shuang 712 12$aInternational Conference on Intelligent Computing 801 0$bMiAaPQ 801 1$bMiAaPQ 801 2$bMiAaPQ 906 $aBOOK 912 $a996465521803316 996 $aAdvanced Intelligent Computing Theories and Applications. With Aspects of Theoretical and Methodological Issues$9772326 997 $aUNISA LEADER 03141oam 2200961 450 001 9910703757403321 005 20150521133601.0 035 $a(CKB)5470000002434147 035 $a(OCoLC)881832186 035 $a(EXLCZ)995470000002434147 100 $a20140626d1890 ua 0 101 0 $aeng 135 $aurbn||||||||| 181 $ctxt$2rdacontent 182 $cc$2rdamedia 183 $acr$2rdacarrier 200 10$aReport of work done in the Division of Chemistry and Physics mainly during the fiscal year 1887-'88 /$fby F. W. Clarke 210 1$aWashington, D.C. :$cDepartment of the Interior, United States Geological Survey,$d1890. 210 2$aWashington :$cGovernment Printing Office. 215 $a1 online resource (174 pages) $cillustrations 225 1 $aBulletin of the United States Geological Survey ;$vno. 60 300 $aTitle from title screen (viewed June 23, 2014). 320 $aIncludes bibliographical references. 517 3 $aWashington laboratory 606 $aMinerals$xAnalysis 606 $aWater$xAnalysis 606 $aMineralogy 606 $aNickel 606 $aSodium compounds$zWyoming 606 $aSodium compounds$zNevada 606 $aSodium compounds$zCalifornia$zMono Lake 606 $aSodium compounds$zCalifornia$zOwens Lake (Inyo County) 606 $aCrystallization, Water of 606 $aAlkalies$zCalifornia$zOwens Lake (Inyo County) 606 $aMeteorites$zCalifornia$zSan Bernardino County 606 $aSulfides$zColorado 606 $aAlkalies$2fast 606 $aCrystallization, Water of$2fast 606 $aMeteorites$2fast 606 $aMineralogy$2fast 606 $aMinerals$xAnalysis$2fast 606 $aNickel$2fast 606 $aSodium compounds$2fast 606 $aSulfides$2fast 606 $aWater$xAnalysis$2fast 607 $aCalifornia$zMono Lake$2fast 607 $aCalifornia$zOwens Lake (Inyo County)$2fast 607 $aCalifornia$zSan Bernardino County$2fast 607 $aColorado$2fast 607 $aNevada$2fast 607 $aWyoming$2fast 615 0$aMinerals$xAnalysis. 615 0$aWater$xAnalysis. 615 0$aMineralogy. 615 0$aNickel. 615 0$aSodium compounds 615 0$aSodium compounds 615 0$aSodium compounds 615 0$aSodium compounds 615 0$aCrystallization, Water of. 615 0$aAlkalies 615 0$aMeteorites 615 0$aSulfides 615 7$aAlkalies. 615 7$aCrystallization, Water of. 615 7$aMeteorites. 615 7$aMineralogy. 615 7$aMinerals$xAnalysis. 615 7$aNickel. 615 7$aSodium compounds. 615 7$aSulfides. 615 7$aWater$xAnalysis. 700 $aClarke$b Frank Wigglesworth$f1847-1931,$0301654 712 02$aGeological Survey (U.S.), 801 0$bCOP 801 1$bCOP 801 2$bOCLCO 801 2$bOCLCF 801 2$bGPO 906 $aBOOK 912 $a9910703757403321 996 $aReport of work done in the Division of Chemistry and Physics mainly during the fiscal year 1887-'88$93451717 997 $aUNINA